000 01024cam a22003137a 4500
003 CHAP
005 20220817042458.0
008 971013s1984 r 00010 d
010 _a45876
011 _a46848
035 _a50989
040 _cCHAP
090 _aFolleto 11308
100 0 0 _aReséndiz Vázquez, Pablo.
_996144
245 0 _aResúmen del inventario forestal de los U.A.F. del estado de Chihuahua
260 _aMéxico, D. F. :
_bInstituto Nacional de Investigaciones Foretales,
_c1984
300 _a52 p.
490 0 _aBoletín divulgativo
_v; 65
590 _aBATCH-UPD
_b10
_c20130110
_lUCH01
_h1315
590 _aBATCH-UPD
_b10
_c20130410
_lUCH01
_h0827
590 _aBATCH-UPD
_b10
_c20130914
_lUCH01
_h0652
590 _aCONVERSION
_b10
_c20130109
_lUCH01
_h1325
650 1 4 _aBosques
_xChihuahua.
_914106
650 1 4 _aBosques
_xInventarios
_xChihuahua.
_914247
830 0 _aBoletín divulgativo
_v; 65
901 _aBK
942 _cFOLL
949 _aFolleto 11308
_bBC
_cFOLL
_d-114356
_eTS1
_i50989
_mD
_si
999 _c45876
_d45876